MAN Truck & Bus AG - Statistiques

Statistiques générales
  • Ce quiz a été pris 13 fois
  • Le résultat moyen est 9 sur 30
Statistiques - réponses
Par images Réponse % Correct
Lion's City
91%
Lion's Coach
82%
Lion's City G
64%
Lion's Régio
45%
NL 202
45%
NL 223
45%
SD 200
45%
SD 202
45%
NG 272
36%
SL 202
36%
Lion's Classic
27%
SG 220
27%
SL 200
27%
750 HO
18%
Lion's Classic G
18%
NG 263
18%
NL 202 2
18%
NM 223
18%
SG 192
18%
SG 240 H
18%
SG 242
18%
SG 242 H
18%
SL 192
18%
890 UG
9%
Lion's City 2018
9%
Lion's Coach 2017
9%
NG 272 2
9%
NM 152
9%
NM 152 2
9%
SM 152
9%
Aucun quiz correspondant
Distribution des résultats
% des personnes avec chaque résultat
Percentile par nombre de réponses
Votre historique - résultats
Vous n’avez pas pris ce quiz